[Event "Dubai op 13th"]
[Site "Dubai"]
[Date "2011.04.14"]
[Round "5"]
[White "Daulyte Cornette, Deimante"]
[Black "Salah, Romany"]
[Result "1-0"]
[WhiteElo "2293"]
[BlackElo "2115"]
[PlyCount "153"]
[EventDate "2011.04.10"]
[EventType "swiss"]
[EventRounds "9"]
[EventCountry "UAE"]
[SourceTitle "CBM 141 Extra"]
[Source "ChessBase"]
[SourceDate "2011.05.03"]
[SourceVersion "1"]
[SourceVersionDate "2011.05.03"]
[SourceQuality "1"]

1. e4 e5 2. Nf3 Nc6 3. Bb5 a6 4. Ba4 Nf6 5. 0-0 Be7 6. Re1 b5 7. Bb3 d6 8. c3 0-0 9. h3 Nb8 10. d4 Nbd7 11. Nbd2 Bb7 12. Bc2 c5 13. d5 Re8 14. Nf1 Bf8 15. a4 c4 16. Ng3 g6 17. Be3 Qc7 18. Nh2 Bg7 19. Qc1 Kh8 20. Bh6 Bxh6 21. Qxh6 Ng8 22. Qg5 Nc5 23. Nf3 Qe7 24. Qd2 Reb8 25. Ra3 Bc8 26. Rea1 Qb7 27. axb5 axb5 28. Qe3 f6 29. Nd2 Rxa3 30. Rxa3 Ra8 31. Nb1 Ra6 32. f4 Qg7 33. Rxa6 Bxa6 34. Na3 Qh6 35. Ne2 Ne7 36. Qf3 Kg7 37. Kh2 Nc8 38. g3 Nb6 39. Nc1 exf4 40. gxf4 Qh4 41. Na2 Qe1 42. Nb4 Qd2+ 43. Kg3 Bc8 44. Nxb5 Qe1+ 45. Qf2 Qh1 46. Qg2 Qe1+ 47. Kf3 Nba4 48. Bxa4 Qxe4+ 49. Kg3 Qe3+ 50. Kh2 Qxf4+ 51. Qg3 Qd2+ 52. Qg2 Qxg2+ 53. Kxg2 Nxa4 54. Nxd6 Bd7 55. Nxc4 Kf7 56. Nc2 Ke7 57. Nd4 f5 58. h4 Kf6 59. Nf3 Bc8 60. d6 h6 61. Nfe5 Nxb2 62. d7 Bxd7 63. Nxd7+ Ke7 64. Nxb2 Kxd7 65. Nd3 g5 66. h5 Kd6 67. c4 Ke6 68. Kf3 Kd6 69. Ke3 Kc6 70. Kd4 Kd6 71. c5+ Ke6 72. Ne5 g4 73. Nd3 g3 74. Nf4+ Kf6 75. Kd5 Kg5 76. Ke5 Kg4 77. c6 1-0

[Event "Dubai op 12th"]
[Site "Dubai"]
[Date "2010.04.05"]
[Round "1"]
[White "Arun Prasad, Subramanian"]
[Black "Salah, Romany"]
[Result "1-0"]
[WhiteElo "2549"]
[BlackElo "2106"]
[PlyCount "63"]
[EventDate "2010.04.05"]
[EventType "swiss"]
[EventRounds "9"]
[EventCountry "UAE"]
[SourceTitle "CBM 135 Extra"]
[Source "ChessBase"]
[SourceDate "2010.05.04"]
[SourceVersion "1"]
[SourceVersionDate "2010.05.04"]
[SourceQuality "1"]

1. d4 Nf6 2. c4 e6 3. Nf3 b6 4. g3 Bb7 5. Bg2 d5 6. 0-0 Bd6 7. Nc3 a6 8. cxd5 exd5 9. Nh4 0-0 10. Bg5 c6 11. e4 dxe4 12. Nxe4 Be7 13. Nf5 Nd5 14. Nxe7+ Nxe7 15. Qb3 Re8 16. Nc5 Bc8 17. Na4 b5 18. Nc5 h6 19. Bxe7 Rxe7 20. Qc3 Raa7 21. a4 Bg4 22. h3 Be2 23. Rfc1 Bc4 24. Re1 Bd5 25. axb5 Bxg2 26. Rxe7 Rxe7 27. bxa6 Nxa6 28. Kxg2 Nc7 29. Rd1 Qd5+ 30. Qf3 Re2 31. Nd3 Qe6 32. Nf4 1-0

[Event "Assiut op 5th"]
[Site "Assiut"]
[Date "2009.08.10"]
[Round "6"]
[White "Salah, Romany"]
[Black "Samweil, Anis"]
[Result "1-0"]
[WhiteElo "2096"]
[BlackElo "2272"]
[PlyCount "46"]
[EventDate "2009.08.04"]
[EventType "swiss"]
[EventRounds "9"]
[EventCountry "EGY"]
[SourceTitle "EXT 2010"]
[Source "ChessBase"]
[SourceDate "2010.11.25"]
[SourceVersion "1"]
[SourceVersionDate "2010.11.25"]
[SourceQuality "1"]

1. e4 e6 2. d4 d5 3. Nd2 c5 4. exd5 exd5 5. Bb5+ Nc6 6. Qe2+ Qe7 7. dxc5 Qxe2+ 8. Nxe2 Bxc5 9. Nb3 Bd6 10. c3 Nge7 11. Be3 0-0 12. 0-0-0 a6 13. Bd3 Ne5 14. Bc2 Ng4 15. Bb6 Be6 16. f3 Ne5 17. Bf2 Nc4 18. Nc5 Bc8 19. Nd3 b5 20. Nef4 Bb7 21. Kb1 Rab8 22. Rhe1 a5 23. Ne2 Nf5 1-0